Central Library OPAC University of Rajshahi

A history of Europe / (Record no. 38263)

MARC details
000 -LEADER
fixed length control field 00793cam a2200253 4500
001 - CONTROL NUMBER
control field 38263
003 - CONTROL NUMBER IDENTIFIER
rucl marc code BD-RjUL
005 - DATE AND TIME OF LATEST TRANSACTION
control field 20211209052747.0
008 - FIXED-LENGTH DATA ELEMENTS--GENERAL INFORMATION
fixed length control field 151019s1936 xx 000 0 eng u
035 ## - SYSTEM CONTROL NUMBER
System control number (OCoLC)ocm00836761
System control number (BD-RjUL)38368
040 ## - CATALOGING SOURCE
Transcribing agency OSU
Modifying agency OCL
-- ZCU
Original cataloging agency BD-RjUL
Language of cataloging eng
041 ## - LANGUAGE CODE
Language code of text/sound track or separate title eng
082 ## - DEWEY DECIMAL CLASSIFICATION NUMBER
Edition number 22
Classification number 940.253
Author mark and year FIH 1965
100 1# - MAIN ENTRY--PERSONAL NAME
Personal name Fisher, H. A. L.
Fuller form of name (Herbert Albert Laurens),
Dates associated with a name 1865-1940.
9 (RLIN) 118287
245 02 - TITLE STATEMENT
Title A history of Europe /
Statement of responsibility, etc. by H. A. L. Fisher.
250 ## - EDITION STATEMENT
Edition statement Complete edition in one volume.
260 ## - PUBLICATION, DISTRIBUTION, ETC. (IMPRINT)
Place of publication, distribution, etc. London :
Name of publisher, distributor, etc. Arnold,
Date of publication, distribution, etc. 1936 [Reprinted 1965]
300 ## - PHYSICAL DESCRIPTION
Pagination xiv, 1306 p. :
Illustrations ill. ;
Size 23 cm.
504 ## - BIBLIOGRAPHY, ETC. NOTE
Bibliography, etc "Books which may be consulted" at end of each chapter.
505 ## - FORMATTED CONTENTS NOTE
Formatted contents note Vol. 1
651 #0 - SUBJECT ADDED ENTRY--GEOGRAPHIC NAME
Geographic name Europe
General subdivision History.
9 (RLIN) 116510
942 ## - ADDED ENTRY ELEMENTS (KOHA)
Source of classification or shelving scheme Dewey Decimal Classification
Koha item type Books
Holdings
Lost status Source of classification or shelving scheme Damaged status Not for loan Permanent Location Current Location Shelving location Date acquired Total Checkouts Full call number Date last seen Copy number Koha item type Collection code Source of acquisition Cost, normal purchase price
  Dewey Decimal Classification     Central Library, University of Rajshahi Central Library, University of Rajshahi   19/10/2015   940.253 FIH V-1 1965 19/10/2015 C-2 Books      
  Dewey Decimal Classification   Not For Loan Central Library, University of Rajshahi Central Library, University of Rajshahi Reading Room 09/02/1955   940.253 FIH V-1 1949 16/02/2017 C-1 Books Non-fiction M. B. S. Dhaka 15.10
  Dewey Decimal Classification     Central Library, University of Rajshahi Central Library, University of Rajshahi General Stacks 09/02/1955   940.253 FIH V-1 1949 29/05/2022 C-3 Books Non-fiction M.B.S. Dhaka 15.10